Флуктуационная модель фотоинициирования высокочувствительных энергетических материалов; Известия вузов. Физика; Т. 59, № 2

Библиографические подробности
Источник:Известия вузов. Физика: научный журнал.— , 1957-
Т. 59, № 2.— 2016.— [С. 10-13]
Автор-организация: Национальный исследовательский Томский политехнический университет Юргинский технологический институт (филиал) Кафедра естественного научного образования
Другие авторы: Зверев А. С. Антон Сергеевич, Ильякова Н. Н. Наталья Николаевна, Кречетов А. Г. Александр Георгиевич, Митрофанов А. Ю. Анатолий Юрьевич, Терентьева А. О. Анастасия Олеговна, Тупицын А. В. Александр Викторович
Примечания:Заглавие с экрана
Предложена флуктуационная микроочаговая модель фотоинициирования для первичных взрывчатых веществ. Модель описывает вероятность взрыва в зависимости от экспозиции инициирования. Для экспериментальной проверки модели проведено исследование зависимости вероятности взрыва от экспозиции инициирования с регистрацией сигнала свечения. Обнаружено, что зависимость характерного времени нарастания сигнала взрывного свечения от экспозиции инициирования имеет немонотонный вид. Произведена оценка параметров модели.
Режим доступа: по договору с организацией-держателем ресурса
Язык:русский
Опубликовано: 2016
Предметы:
Online-ссылка:http://elibrary.ru/item.asp?id=25607044
Формат: Электронный ресурс Статья
Запись в KOHA:https://koha.lib.tpu.ru/cgi-bin/koha/opac-detail.pl?biblionumber=648659

MARC

LEADER 00000naa0a2200000 4500
001 648659
005 20250224115832.0
035 |a (RuTPU)RU\TPU\network\13818 
090 |a 648659 
100 |a 20160530d2016 k||y0rusy50 ca 
101 0 |a rus 
102 |a RU 
135 |a drcn ---uucaa 
181 0 |a i  
182 0 |a b 
200 1 |a Флуктуационная модель фотоинициирования высокочувствительных энергетических материалов  |f А. С. Зверев [и др.] 
203 |a Текст  |c электронный 
300 |a Заглавие с экрана 
320 |a [Библиогр.: с. 13 (8 назв.)] 
330 |a Предложена флуктуационная микроочаговая модель фотоинициирования для первичных взрывчатых веществ. Модель описывает вероятность взрыва в зависимости от экспозиции инициирования. Для экспериментальной проверки модели проведено исследование зависимости вероятности взрыва от экспозиции инициирования с регистрацией сигнала свечения. Обнаружено, что зависимость характерного времени нарастания сигнала взрывного свечения от экспозиции инициирования имеет немонотонный вид. Произведена оценка параметров модели. 
333 |a Режим доступа: по договору с организацией-держателем ресурса 
461 |t Известия вузов. Физика  |o научный журнал  |d 1957- 
463 |t Т. 59, № 2  |v [С. 10-13]  |d 2016 
610 1 |a электронный ресурс 
610 1 |a труды учёных ТПУ 
610 1 |a лазерное инициирование 
610 1 |a горячие точки 
701 1 |a Зверев  |b А. С.  |c химик  |c ассистент Юргинского технологического института (филиала) Томского политехнического университета  |f 1987-  |g Антон Сергеевич  |3 (RuTPU)RU\TPU\pers\36522  |9 19571 
701 1 |a Ильякова  |b Н. Н.  |g Наталья Николаевна 
701 1 |a Кречетов  |b А. Г.  |g Александр Георгиевич 
701 1 |a Митрофанов  |b А. Ю.  |c химик  |c доцент Юргинского технологического института (филиала) Томского политехнического университета, кандидат физико-математических наук  |f 1976-  |g Анатолий Юрьевич  |3 (RuTPU)RU\TPU\pers\36523  |9 19572 
701 1 |a Терентьева  |b А. О.  |g Анастасия Олеговна 
701 1 |a Тупицын  |b А. В.  |g Александр Викторович 
712 0 2 |a Национальный исследовательский Томский политехнический университет  |b Юргинский технологический институт (филиал)  |b Кафедра естественного научного образования  |3 (RuTPU)RU\TPU\col\18894  |9 27243 
801 2 |a RU  |b 63413507  |c 20160530  |g RCR 
856 4 |u http://elibrary.ru/item.asp?id=25607044 
942 |c CF